Microeconomics

Gespeichert in:
Bibliographische Detailangaben
1. Verfasser: Pindyck, Robert S.
Weitere Verfasser: Rubinfeld, Daniel L.
Format: Buch
Sprache:Englisch
Veröffentlicht: New York Macmillan Publishing Company 1989
Ausgabe:1.
Schlagworte:
Online-Zugang:Im OPAC anzeigen
Tags: Tag hinzufügen
Keine Tags, Fügen Sie das erste Tag hinzu!

MARC

LEADER 00000nam a2200000 a 4500
005 20260127134105.0
008 050808s1989 us 000 0 eng
020 |a 0023958103 
035 |a vtls008207543 
035 |a SVKPOKN019022 
039 9 |a 201012211117  |b msnk88  |c 200809250855  |d mschk03  |c 200508092013  |d VLOAD  |y 200508082202  |z VLOAD 
040 |a SVKPOKN  |b slo  |c SVKPOKN  |d SVKPO  |d STUSCHK1  |e AACR2 
041 0 |a eng  |h eng 
044 |a us  |c US 
080 |a 330.101.542 
100 1 |a Pindyck, Robert S. 
245 1 0 |a Microeconomics  |c Robert S. Pindyck; Daniel L. Rubinfeld 
250 |a 1. 
260 |a New York  |b Macmillan Publishing Company  |c 1989 
300 |a 668 str. 
650 0 7 |a tlač 
653 |a mikroekonomika 
655 7 |a učebnice  |2 svkpo 
700 1 |a Rubinfeld, Daniel L. 
910 |a svkponkat 
910 |a SCHK95 
919 |a 0-02-395810-3 
999 |c 3839  |d 3839